000 01254nam a22003257a 4500
999 _c64102
_d64102
005 20240530110714.0
008 180218s2006 ua f 000 0 ara d
017 _a2006/2054
_bمصر. دار الكتب
040 _aEG-CaGPL
_cEG-CaGPL
082 0 4 _221
_a340 /
_bق /أ أ
100 0 _aاحمد مكى
245 1 2 _aالاصلاح القضائى فى مصر /
_cاحمد مكى ... [وآخ] ؛ اعداد ناصر امين
250 _aط. 1
260 _aالقاهرة :
_c2006.
_bالمركز العربى لاستقلال القضاء والمحاماة،
300 _a131 ص. ؛
_c24 سم.
650 0 7 _2qrmak
_aالضبط القضائى
650 0 7 _2qrmak
_aالقضاء
650 0 7 _2qrmak
_aالسلطة القضائية
650 0 7 _2qrmak
_aالتنظيم القضائى
651 _2qrmak
653 0 _aالاصلاح القضائى
700 0 _aعاصم عبدالجبار
_eمؤلف مشارك
700 0 _aابراهيم درويش
_eمؤلف مشارك
700 0 _aمحمد كامل عبيد
_eمؤلف مشارك
700 0 _aسيد شعبان
_eمؤلف مشارك
700 0 _aصابر عمار
_eمؤلف مشارك
700 0 _aناصر امين
_eمعد
942 _2ddc
_cBK